|
|
|
|
| LEADER |
01751nam a2200289 ic4500 |
| 003 |
GR-PaULI |
| 005 |
20220218120653.0 |
| 008 |
911104s1998 ne f|||g| |1||| |gre|d |
| 952 |
|
|
|0 0
|1 0
|2 ddc
|4 0
|6 882_030000000000000_9_ΚΡΗ
|7 0
|9 244295
|a LISP
|b LISP
|c BSC
|d 2020-10-07
|i 149414
|l 0
|o 882.030 9 ΚΡΗ
|p 025000276414
|r 2020-10-07 00:00:00
|t c.1
|v 2020.00
|w 2020-10-07
|y BK15
|
| 999 |
|
|
|c 147415
|d 147415
|
| 020 |
|
|
|a 902560949X
|
| 020 |
|
|
|a 9025611249
|
| 040 |
|
|
|a GR-PaULI
|b gre
|c GR-PaULI
|e AACR2
|
| 041 |
1 |
|
|a gre
|h eng
|
| 082 |
0 |
4 |
|2 23
|a 882.030 9
|
| 245 |
0 |
0 |
|a Η κρητική λογοτεχνία στο κοινωνικό και ιστορικό της πλαίσιο :
|b Πρακτικά του Συμποσίου ''Η κρητική λογοτεχνία στο κοινωνικό και ιστορικό της πλαίσιο"Amsterdam 19 - 21 June 1977 in honour of Wim Bakker /
|c edited by Wim Bakker and Arnold van Gemert... [και ά.].
|
| 260 |
|
|
|a Amsterdam :
|b Hakkert,
|c 1998.
|
| 300 |
|
|
|a 270 σ., 11 φύλλα με πίνακες ;
|c 24 εκ.
|
| 490 |
1 |
|
|a Cretan studies ;
|v 6
|
| 500 |
|
|
|a Edited by: W. F. Bakker, P. P. Betancourt, W. C. Brice, A. F. van Gemert, S. Hiller, N. Marinatos, A. Markopoulos, S. Papadaki-Ökland, J. C. Poursat, J. S. Soles, R. F. Willetts. General editor: C. Davaras.
|
| 650 |
|
4 |
|a Νεοελληνική λογοτεχνία
|x Ιστορία και κριτική
|v Συνέδρια
|9 81756
|
| 651 |
|
4 |
|a Κρήτη
|x Ιστορία
|v Συνέδρια.
|9 183041
|
| 700 |
1 |
|
|a Bakker, Willem Frederik,
|d 1934-
|e επιμελητής.
|9 80996
|
| 700 |
1 |
|
|9 103537
|a Gemert, A. F. van
|q (Arnold F.),
|e επιμελητής.
|
| 830 |
|
0 |
|9 183558
|a Cretan studies
|v 6.
|
| 942 |
|
|
|2 ddc
|c BK15
|
| 998 |
|
|
|c ΓΚΟΓΚΟΥ
|d 10-2020
|